| 000 | 00844cam a2200265 a 4500 | ||
|---|---|---|---|
| 003 | CO-ViMGA | ||
| 005 | 20230915224411.0 | ||
| 008 | 990913s1996 mx a r 00010 spa d | ||
| 020 | _a9789700768045 | ||
| 040 |
_aCO-ViMGA _bspa _cCO-ViMGA |
||
| 082 | 0 | 4 |
_a576.072 _bK78c4 _21 ed. |
| 100 | 1 |
_aKruif, Paul Henry de, _d2012 _9254 |
|
| 245 | 1 | 4 |
_aLos cazadores de microbios / _cPaul de Kruif. |
| 260 |
_aMexico : _bPorrua, _c2014 |
||
| 300 |
_a355 p. : _c20 cm. |
||
| 490 |
_aSepan cuantos ... _v637 |
||
| 650 | 1 | 4 |
_aBacterias _x Investigaciones. _9256 |
| 650 | 1 | 4 |
_aCientíficos. _9258 |
| 650 | 1 | 4 |
_aMicrobiología _x Historia. _9257 |
| 650 | 1 | 4 |
_aMicroorganismos _x Investigaciones. _9255 |
| 650 | 6 |
_aBacteriología _x Historia. _9259 |
|
| 650 | 6 |
_aBacteriólogos. _9260 |
|
| 700 | 1 |
_aMotts, Irene E., _eIntroduccion _97689 |
|
| 942 |
_2ddc _cBK |
||
| 999 |
_c11744 _d11744 |
||